S34-0 駅名クイズ - 首都圏電鉄 ver. - Statistics

General Stats
  • This quiz has been taken 6 times
  • The average score is 356 of 815
Answer Stats
Number Answer % Correct
107 楊州
100%
110 議政府
100%
133 ソウル駅
100%
133 | 426 | A01 | +2 others ソウル
100%
135 | K110 龍山
100%
161 | K272 仁川
100%
206 | 635 新堂
100%
211 聖水
100%
230 | S408 新林
100%
328 安国
100%
335 | K114 玉水
100%
519 新亭
100%
100-3 漣川
67%
100-2 全谷
67%
100-1 青山
67%
100 逍遥山
67%
101 東豆川
67%
102 保山
67%
103 東豆川中央
67%
104 紙杏
67%
105 徳亭
67%
106 徳渓
67%
108 緑楊
67%
109 佳陵
67%
111 | U111 回龍
67%
112 望月寺
67%
113 | 710 道峰山
67%
114 道峰
67%
115 放鶴
67%
116 | 412 倉洞
67%
117 鹿川
67%
118 月渓
67%
119 光云大
67%
120 | 644 石渓
67%
121 新里門
67%
122 外大前
67%
123 | K118 回基
67%
124 | K117 | K209 清凉里
67%
125 祭基洞
67%
126 | 211-4 | S122 新設洞
67%
127 | 636 東廟前
67%
128 | 421 東大門
67%
131 鐘閣
67%
132 | 201 市庁
67%
134 南営
67%
136 | 917 鷺梁津
67%
137 | S402 大方
67%
138 | 525 新吉
67%
139 永登浦
67%
140 | 234 新道林
67%
141 九老
67%
746 | P142 加山デジタル団地
67%
P143 禿山
67%
P144 衿川区庁
67%
P145 石水
67%
P146 冠岳
67%
P147 安養
67%
P148 鳴鶴
67%
443 | P149 衿井
67%
P150 軍浦
67%
P151 堂井
67%
P152 義王
67%
P153 成均館大
67%
P154 華西
67%
K245 | P155 水原
67%
P156 細柳
67%
P157 餅店
67%
P158 洗馬
67%
P159 烏山大
67%
P160 烏山
67%
P161 振威
67%
P162 松炭
67%
P163 西井里
67%
P164 平沢芝制
67%
P165 平沢
67%
P166 成歓
67%
P167 稷山
67%
P168 斗井
67%
P169 天安
67%
P170 鳳鳴
67%
P172 牙山
67%
P173 湯井
67%
P174 排芳
67%
P176 温陽温泉
67%
142 九一
67%
143 開峰
67%
144 梧柳洞
67%
145 | 750 温水
67%
146 駅谷
67%
147 | S16 素砂
67%
148 富川
67%
149 中洞
67%
150 松内
67%
151 富開
67%
152 | I120 富平
67%
153 白雲
67%
154 銅岩
67%
155 間石
67%
156 | I218 朱安
67%
157 道禾
67%
158 済物浦
67%
159 桃源
67%
160 東仁川
67%
P144-1 光明
67%
P157-1 西東灘
67%
207 上往十里
67%
208 | 540 | K116 | K210 往十里
67%
209 漢陽大
67%
210 トゥクソム
67%
212 | 727 建大入口
67%
213 九宜
67%
214 江辺
67%
215 蚕室ナル
67%
216 | 814 蚕室
67%
217 蚕室セネ
67%
218 | 930 総合運動場
67%
219 三成
67%
220 | K215 宣陵
67%
222 | D07 江南
67%
223 | 340 教大
67%
224 瑞草
67%
225 方背
67%
226 | 433 舎堂
67%
228 ソウル大入口
67%
229 奉天
67%
231 新大方
67%
232 九老デジタル団地
67%
233 | 744 大林
67%
235 文来
67%
236 | 523 永登浦区庁
67%
237 | 913 堂山
67%
238 | 622 合井
67%
239 | A03 | K314 弘大入口
67%
240 | P314 新村
67%
241 梨大
67%
242 阿峴
67%
243 | 531 忠正路
67%
211-1 龍踏
67%
211-2 新踏
67%
211-3 龍頭
67%
234-1 道林川
67%
234-2 陽川区庁
67%
234-3 新亭ネゴリ
67%
234-4 | 518 カチ山
67%
319 紙杻
67%
320 旧把撥
67%
321 | 614 | X105 ヨンシンネ
67%
322 | 612 仏光
67%
323 碌磻
67%
324 弘済
67%
325 毋岳チェ
67%
326 独立門
67%
327 景福宮
67%
331 | 423 忠武路
67%
332 東大入口
67%
333 | 633 薬水
67%
334 金湖
67%
336 狎鴎亭
67%
337 | D04 新沙
67%
338 蚕院
67%
339 | 734 | 923 高速ターミナル
67%
341 南部ターミナル
67%
342 | D08 良才
67%
343 メボン
67%
344 | K217 道谷
67%
345 大峙
67%
346 ハンニョウル
67%
347 テチョン
67%
512 | 902 | A05 | +2 others 金浦空港
67%
530 エオゲ
67%
557 河南市庁
67%
K337 臨津江
67%
K326 | S07 一山
67%
K121 忘憂
67%
K218 九龍
67%
D11 | K409 板橋
67%
I109 アラ
67%
A071 青羅国際都市
67%
- 龍遊車両基地(臨)
67%
130 | 329 | 534 鐘路3街
67%
203 | 330 乙支路3街
67%
204 | 535 乙支路4街(Kバンク)
67%
129 鐘路5街
67%
205 | 422 | 536 東大門歴史文化公園(DDP)
67%
P171 双龍(ナザレン大)
67%
P177 新昌(順天郷大)
67%
202 乙支路入口(ハナ銀行)
67%
221 駅三(センターフィールド)
67%
227 落星垈(姜邯贊)
67%
309 大化
33%
310 注葉
33%
311 鼎鉢山
33%
312 馬頭
33%
313 白石
33%
314 | K322 | S11 | X103 大谷
33%
315 花井
33%
316 元堂
33%
317 元興
33%
318 三松
33%
348 逸院
33%
349 | K221 | X108 水西
33%
350 | 817 可楽市場
33%
351 警察病院
33%
352 | P552 梧琴
33%
405 榛接
33%
406 梧南
33%
407 豊壌
33%
408 別内ビョルガラム
33%
409 仏岩山
33%
410 上渓
33%
411 | 713 蘆原
33%
413 双門
33%
414 水踰
33%
415 弥阿
33%
416 弥阿サゴリ
33%
417 吉音
33%
418 | S120 誠信女大入口
33%
419 漢城大入口
33%
420 恵化
33%
424 明洞
33%
425 会賢
33%
427 淑大入口
33%
428 | 628 三角地
33%
429 新龍山
33%
430 | K111 二村
33%
431 | 920 銅雀
33%
434 南泰嶺
33%
435 ソンバウィ
33%
436 競馬公園
33%
437 大公園
33%
438 果川
33%
439 政府果川庁舎
33%
440 仁徳院
33%
441 坪村
33%
442 ポムゲ
33%
444 山本
33%
445 修理山
33%
446 大夜味
33%
447 半月
33%
448 常緑樹
33%
449 | K251 漢大前
33%
450 | K252 中央
33%
451 | K253 古桟
33%
452 | K254 | S26 草芝
33%
453 | K255 安山
33%
454 | K256 新吉温泉
33%
455 | K257 正往
33%
456 | K258 烏耳島
33%
510 傍花
33%
511 開花山
33%
513 松亭
33%
514 麻谷
33%
515 鉢山
33%
516 雨装山
33%
517 禾谷
33%
520 木洞
33%
521 梧木橋
33%
522 楊坪
33%
524 永登浦市場
33%
526 | 915 汝矣島
33%
527 汝矣ナル
33%
528 麻浦
33%
529 | 626 | A02 | K312 孔徳
33%
532 西大門
33%
533 光化門
33%
537 | 634 青丘
33%
538 新金湖
33%
539 杏堂
33%
541 馬場
33%
542 踏十里
33%
543 長漢坪
33%
544 | 725 君子
33%
545 峨嵯山
33%
546 クァンナル
33%
547 | 811 千戸
33%
548 江東
33%
549 吉洞
33%
550 クブンダリ
33%
551 明逸
33%
552 高徳
33%
553 上一洞
33%
554 江一
33%
555 渼沙
33%
556 河南豊山
33%
558 河南黔丹山
33%
P549 遁村洞
33%
936 | P550 オリンピック公園
33%
P551 芳荑
33%
P553 開籠
33%
P554 巨余
33%
P555 馬川
33%
610 鷹岩
33%
611 駅村
33%
613 トクパウィ
33%
615 亀山
33%
616 セジョル
33%
617 繒山
33%
619 ワールドカップ競技場
33%
620 麻浦区庁
33%
621 望遠
33%
623 上水
33%
624 広興倉
33%
625 大興
33%
627 孝昌公園前
33%
629 緑莎坪
33%
630 梨泰院
33%
631 漢江鎮
33%
632 ポティゴゲ
33%
637 昌信
33%
638 | S121 普門
33%
639 安岩
33%
640 高麗大
33%
641 月谷
33%
642 上月谷
33%
643 トルゴジ
33%
645 | 717 泰陵入口
33%
646 花郎台
33%
647 烽火山
33%
648 | P122 新内
33%
709 長岩
33%
711 水落山
33%
712 マドゥル
33%
714 中渓
33%
715 下渓
33%
716 孔陵
33%
718 モッコル
33%
719 中和
33%
720 | K120 上鳳
33%
721 面牧
33%
722 四佳亭
33%
723 龍馬山
33%
724 中谷
33%
726 子供大公園
33%
728 紫陽
33%
729 清潭
33%
730 | K213 江南区庁
33%
731 鶴洞
33%
732 | D05 論峴
33%
733 盤浦
33%
735 内方
33%
737 南城
33%
738 崇実大入口
33%
739 上道
33%
740 チャンスンベギ
33%
741 新大方サムゴリ
33%
742 | S404 ポラメ
33%
743 新豊
33%
745 南九老
33%
747 鉄山
33%
748 光明サゴリ
33%
749 天旺
33%
751 カチウル
33%
752 | S15 富川総合運動場
33%
753 春衣
33%
754 新中洞
33%
755 富川市庁
33%
756 上洞
33%
757 三山体育館
33%
758 掘浦川
33%
759 | I118 富平区庁
33%
760 山谷
33%
761 | I213 石南
33%
804 | P124 別内
33%
805 茶山
33%
806 東九陵
33%
807 | K123 九里
33%
808 長者湖水公園
33%
809 岩寺歴史公園
33%
810 岩寺
33%
812 江東区庁
33%
813 夢村土城
33%
815 | 933 石村
33%
816 松坡
33%
818 文井
33%
819 長旨
33%
820 | K222 福井
33%
821 南慰礼
33%
822 山城
33%
823 南漢山城入口
33%
824 丹垈オゴリ
33%
825 新興
33%
826 寿進
33%
827 | K225 牡丹
33%
901 開花
33%
903 空港市場
33%
904 新傍花
33%
905 | A042 麻谷ナル
33%
906 陽川郷校
33%
907 加陽
33%
908 曽米
33%
909 登村
33%
910 塩倉
33%
911 新木洞
33%
912 仙遊島
33%
914 国会議事堂
33%
916 | S401 セッカン
33%
918 ノドゥル
33%
919 黒石
33%
921 旧盤浦
33%
922 新盤浦
33%
924 砂平
33%
925 | D06 新論峴
33%
926 彦州
33%
927 | K214 宣靖陵
33%
928 三成中央
33%
929 奉恩寺
33%
931 三田
33%
932 石村古墳
33%
934 松坡ナル
33%
935 漢城百済
33%
937 遁村五輪
33%
938 中央報勲病院
33%
K338 都羅山
33%
K336 雲泉
33%
K335 文山
33%
K334 坡州
33%
K333 月籠
33%
K331 金村
33%
K330 金陵
33%
K329 雲井
33%
K328 野塘
33%
K327 炭峴
33%
K325 | S08 楓山
33%
K324 | S09 白馬
33%
K323 | S10 谷山
33%
K321 | S12 陵谷
33%
K320 幸信
33%
K319 江梅
33%
K318 韓国航空大
33%
K317 水色
33%
K315 加佐
33%
K313 西江大
33%
K311 孝昌公園
33%
K112 西氷庫
33%
K113 漢南
33%
K115 鷹峰
33%
K119 中浪
33%
K122 養源
33%
K124 陶農
33%
K125 養正
33%
K126 徳沼
33%
K127 陶深
33%
K128 八堂
33%
K129 雲吉山
33%
K130 両水
33%
K131 新院
33%
K132 菊秀
33%
K133 我新
33%
K134 梧浜
33%
K135 楊平
33%
K136 元徳
33%
K137 龍門
33%
K138 砥平
33%
P123 葛梅
33%
P125 退渓院
33%
P126 思陵
33%
P127 金谷
33%
P128 坪内好坪
33%
P129 天摩山
33%
P130 磨石
33%
P131 大成里
33%
P132 清平
33%
P133 上泉
33%
P134 加平
33%
P135 屈峰山
33%
P136 白楊里
33%
P137 江村
33%
P138 金裕貞
33%
P139 南春川
33%
P140 春川
33%
K211 ソウルの森
33%
K212 狎鴎亭ロデオ
33%
K216 ハンティ
33%
K219 開浦洞
33%
K220 大母山入口
33%
K223 嘉泉大
33%
K224 太平
33%
K226 野塔
33%
K227 | K411 二梅
33%
K228 書峴
33%
K229 薮内
33%
D12 | K230 亭子
33%
D13 | K231 美金
33%
K232 梧里
33%
K233 竹田
33%
K234 宝亭
33%
K235 | X110 駒城
33%
K236 新葛
33%
K237 | Y110 器興
33%
K238 上葛
33%
K239 清明
33%
K240 霊通
33%
K241 網浦
33%
K242 梅灘勧善
33%
K243 水原市庁
33%
K244 梅橋
33%
K246 古索
33%
K247 梧木川
33%
K248 漁川
33%
K249 野牧
33%
K250 四里
33%
K259 達月
33%
K260 月串
33%
K261 蘇萊浦口
33%
K262 仁川論峴
33%
K263 虎口浦
33%
K264 南洞インダスパーク
33%
I130 | K265 源仁斎
33%
K266 延寿
33%
K267 松島
33%
K269 仁荷大
33%
K270 崇義
33%
K271 新浦
33%
K410 | X109 城南
33%
K412 三洞
33%
K413 京畿広州
33%
K414 草月
33%
K415 昆池岩
33%
K416 新屯陶芸村
33%
K417 利川
33%
K418 夫鉢
33%
K419 世宗大王陵
33%
K420 驪州
33%
I107 黔丹湖水公園
33%
I108 新黔丹中央
33%
A06 | I110 桂陽
33%
I111 橘峴
33%
I112 朴村
33%
I113 林鶴
33%
I114 桂山
33%
I115 京仁教大入口
33%
I116 鵲田
33%
I117 葛山
33%
I119 富平市場
33%
I121 東樹
33%
I122 富平サムゴリ
33%
I123 間石オゴリ
33%
I124 | I221 仁川市庁
33%
I125 芸術会館
33%
I126 仁川ターミナル
33%
I127 文鶴競技場
33%
I128 仙鶴
33%
I129 新延寿
33%
I131 東春
33%
I132 東幕
33%
I133 キャンパスタウン
33%
I134 テクノパーク
33%
I135 知識情報団地
33%
I136 仁川大入口
33%
I137 セントラルパーク
33%
I138 国際業務地区
33%
I139 松島月光祝祭公園
33%
I201 黔丹梧柳
33%
I202 旺吉
33%
I203 黔丹サゴリ
33%
I204 麻田
33%
I205 完井
33%
I206 篤亭
33%
A07 | I207 黔岩
33%
I208 黔バウィ
33%
I209 アシアード競技場
33%
I210 西区庁
33%
I211 佳亭
33%
I212 佳亭中央市場
33%
I214 西部女性会館
33%
I215 仁川佳佐
33%
I216 カジェウル
33%
I217 朱安国家産団
33%
I219 市民公園
33%
I220 石バウィ市場
33%
I222 石泉サゴリ
33%
I223 モレネ市場
33%
I224 万寿
33%
I225 南洞区庁
33%
I226 仁川大公園
33%
I227 雲宴
33%
A072 永宗
33%
A08 雲西
33%
A09 空港貨物ターミナル
33%
D09 良才市民の森
33%
D10 清渓山入口
33%
D14 東川
33%
D15 水枝区庁
33%
D16 星福
33%
D17 上峴
33%
D18 光教中央
33%
D19 光教
33%
S14 遠宗
33%
S17 ソセウル
33%
S18 始興大也
33%
S19 新川
33%
S20 新峴
33%
S22 始興市庁
33%
S23 始興陵谷
33%
S24 タルミ
33%
S25 仙府
33%
S27 時雨
33%
S28 元時
33%
Y111 江南大
33%
Y112 支石
33%
Y113 御停
33%
Y114 東栢
33%
Y115 草堂
33%
Y116 三街
33%
Y117 市庁・龍仁大
33%
Y118 明知大
33%
Y119 金良場
33%
Y120 龍仁中央市場
33%
Y121 古陳
33%
Y122 洑坪
33%
Y123 屯田
33%
U114 議政府市庁
33%
U117 議政府中央
33%
U124 松山
33%
U125 塔石
33%
- 車両基地臨時乗降場
33%
A10 仁川国際空港1ターミナル
33%
A11 仁川国際空港2ターミナル
33%
432 総神大入口(梨水)
33%
618 | A04 | K316 デジタルメディアシティ
33%
736 梨水(総神大入口)
33%
Y124 前垈・エバーランド
0%
S110 北漢山牛耳
0%
S111 ソルバッ公園
0%
S113 加五里
0%
S114 華渓
0%
S115 三陽
0%
S116 三陽サゴリ
0%
S117 ソルセム
0%
S118 北漢山輔国門
0%
S119 貞陵
0%
S403 ソウル地方兵務庁
0%
S405 ポラメ公園
0%
S406 ポラメ病院
0%
S407 堂谷
0%
S409 書院
0%
S411 冠岳山
0%
U110 鉢谷
0%
U112 ポムコル
0%
U113 軽電鉄議政府
0%
U115 興宣
0%
U118 東梧
0%
U119 セマル
0%
U120 京畿道庁北部庁舎
0%
U121 孝子
0%
U122 昆弟
0%
U123 魚竜
0%
G100 陽村
0%
G101 九来
0%
G102 麻山
0%
G103 場基
0%
G104 雲陽
0%
G105 傑浦北辺
0%
G106 沙隅
0%
G107 豊舞
0%
G108 高村
0%
X101 雲井中央
0%
X102 キンテックス
0%
X111 東灘
0%
S112 4.19民主墓地
0%
S410 ソウル大ベンチャータウン
0%
No matching quizzes found
Score Distribution
Percent of People with Each Score
Percentile by Number Answered
Your Score History
You have not taken this quiz